000 00556nam a22001937a 4500
007 00
008 170214b xxu||||| |||| 00| 0 eng d
020 _a2-85394-803-X
040 _aBUAC
_cBUC
041 _aFre.
100 _aMESPLEDE , Jacques
245 _aCapes externe 1989-1995 , agrégation de physique 1989-1995
_c/ Jacques Mesplède
260 _aRosny :
_bBréal ,
_c1995.
300 _a349 p.
_c24 cm.
440 _a(Problèmes de Chimie avec solutions et annexes)
630 _aSCIENCES EXACTES
650 _aPHYSIQUE
942 _cLBA
999 _c55846
_d55846